000
00311nam a22001217a 4500
008
180518b xxu||||| |||| 00| 0 eng d
041
_a
eng
080
_a
043.3
100
_a
0
101
_a
MBE-BTH
245
_a
Zhvillimi i politikiave Ekonomike dhe rëndësia e Politikës Fiskale
_c
Isufi,N
942
_2
udc
_c
BK
999
_c
45929
_d
45929